We've learnt nothing from history: Pakistan, politics and military power (Record no. 5185)

000 -LEADER
fixed length control field 00670 a2200169 4500
020 ## - INTERNATIONAL STANDARD BOOK NUMBER
International Standard Book Number 0195978838
040 ## - CATALOGING SOURCE
Original cataloging agency DLC
Language of cataloging DLC
100 1# - MAIN ENTRY--PERSONAL NAME
Personal name Asghar Khan, Mohammad,
245 10 - TITLE STATEMENT
Title We've learnt nothing from history: Pakistan, politics and military power
Remainder of title Pakistan, politics and military power
Statement of responsibility, etc. M. Asghar Khan.
260 ## - PUBLICATION, DISTRIBUTION, ETC.
Place of publication, distribution, etc. Karachi :
Name of publisher, distributor, etc. Oxford University Press,
Date of publication, distribution, etc. 2005.
300 ## - PHYSICAL DESCRIPTION
Extent xviii, 306 p. :
Other physical details ill. ;
Dimensions 23 cm.
500 ## - GENERAL NOTE
General note Includes index.
610 10 - SUBJECT ADDED ENTRY--CORPORATE NAME
Corporate name or jurisdiction name as entry element Pakistan
Subordinate unit Army
General subdivision Political activity.
651 #0 - SUBJECT ADDED ENTRY--GEOGRAPHIC NAME
Geographic name Pakistan
General subdivision Politics and government.
856 42 - ELECTRONIC LOCATION AND ACCESS
Materials specified Publisher description
Uniform Resource Identifier <a href="http://www.loc.gov/catdir/enhancements/fy0724/2005332249-d.html">http://www.loc.gov/catdir/enhancements/fy0724/2005332249-d.html</a>
942 ## - ADDED ENTRY ELEMENTS (KOHA)
Koha item type Book
Call number prefix 954.91 ASG
Source of classification or shelving scheme
Holdings
Withdrawn status Lost status Source of classification or shelving scheme Damaged status Not for loan Permanent Location Current Location Shelving location Date acquired Source of acquisition Cost, normal purchase price Total Checkouts Total Renewals Full call number Barcode Date last seen Date last checked out Price effective from Koha item type Checked out
          Central Library (CL) Central Library (CL) General Stacks 06/04/2005 Academic Book Company 405.00 3 1 320.95491 KHA SEECS005877 04/29/2022 03/07/2019 01/05/2017 Book  
          Central Library (CL) Central Library (CL) General Stacks 06/04/2005 Academic Book Company 405.00 6 5 320.95491 KHA SEECS005876 01/29/2025 08/30/2024 01/05/2017 Book  
          Central Library (CL) Central Library (CL) General Stacks 06/04/2005 Academic Book Company 405.00 4 3 320.95491 KHA SEECS005875 10/08/2025 10/08/2025 01/05/2017 Book 11/07/2025
          Central Library (CL) Central Library (CL)   01/22/2019     2 4 320.95491 KHA NIT-7153 05/30/2025 11/24/2022 01/22/2019 Book  
          Central Library (CL) Central Library (CL)   03/11/2024         320.95491 KHA S3H-S-220 01/26/2026   03/11/2024 Book  
          Central Library (CL) Central Library (CL)   03/11/2024     2   320.95491 KHA NBS5843 01/12/2026 01/12/2026 03/11/2024 Book 02/11/2026
          NUST Law School (NLS) NUST Law School (NLS)   03/11/2024     1   320.95491 KHA NBS5844 09/17/2025 04/17/2025 03/11/2024 Book  
© 2023 Central Library, National University of Sciences and Technology. All Rights Reserved.